000 01111cam a2200337 a 4500
001
003 DO-SdBNP
005 20210514114031.0
007
008 020930s2017 dr a 000 1 spa
010 _a
020 _a9789945492880
040 _aBPMSU
_cspa
_bBPMSU
082 _aRD863.5
_bB295m 2017
_222
100 1 _aBaruc Espinal, Daniel
_d1962 -
245 1 4 _aMúsica de salamandras /
_c Daniel Baruc Espinal
_b
260 _aSanto Domingo :
_bMinisterio de Cultura ;
_bEditora Nacional
_c 2017
300 _a107 p. ;
_c22 cm.
_b
490 0 _aNarrativa
500 _aIncluye datos biográficos del autor en la solapa de la cubierta
500 _aJurado :Manuel García Cartagena, Noé Zayas y Eduardo Heras León
586 _aPremio Letras de Ultramar de Cuento 2016
590 _6Inventariado, 2021/VM
650 4 _aCertámenes literarios
_zRepública Dominicana
650 4 _aCuentos dominicanos
650 4 _aLiteratura dominicana
_v
700 1 _a
711 2 _aPremio Letras de Ultramar de Cuento
_d(2016:
_cSanto Domingo )
910 _aVMateo
942 _2ddc
_cBK
999 _c13495
_d13495